000 00826cam a2200265 a 4500
001 000005502
005 20200929151707.0
008 940223s1998 sp a b 000 p spa
020 _a8437609100
040 _aDO-SdBNP
_bspa
_cBNPHU
082 _aPe861.42
_bV182t, 1998
100 1 _aVallejo, César,
_d1892-1938.
_915588
245 1 0 _aTrilce /
_cCésar Vallejo ; edición de Julio Ortega.
250 _a3a ed.
260 _aMadrid :
_bCátedra,
_c1998.
300 _a389 p. :
_bil. ;
_c18 cm.
490 1 _aLetras hispánicas
_v321
504 _aIncluye referencias bibliográficas (p. 31-39).
650 4 _aPoesía peruana
_915589
650 4 _aLiteratura peruana
_93140
700 1 _aOrtega, Julio,
_d1942-,
_eed.
_98984
830 0 _aLetras hispánicas ;
_v321
_94208
910 _aCatalogación derivada
910 _aWM
999 _c5301
_d5301